Carregant...
സിനിമയുടെ വർത്തമാനം
| Autor principal: | |
|---|---|
| Altres autors: | |
| Format: | Printed Book |
| Publicat: |
Kozhikode
Olive Publications
2005.
|
| Matèries: |
| LEADER | 00523cam a2200157ua 4500 | ||
|---|---|---|---|
| 082 | |a 791.43 |b JOH/C | ||
| 100 | 0 | |a ജോണി,ഒ.കെ. | |
| 245 | 1 | 0 | |a സിനിമയുടെ വർത്തമാനം |
| 260 | |a Kozhikode |b Olive Publications |c 2005. | ||
| 300 | |a 193p. | ||
| 650 | |a Cinemayude varthamaanam | ||
| 650 | 0 | |a Cinema | |
| 700 | |a Johny, O.K | ||
| 942 | |c BK | ||
| 999 | |c 18314 |d 18314 | ||
| 952 | |0 0 |1 0 |4 0 |6 791_430000000000000_JOHC |7 0 |9 19123 |a KUCL |b KUCL |d 2014-05-23 |l 4 |m 1 |o 791.43 JOH/C |p 19815 |r 2019-01-17 |s 2018-12-13 |y BK | ||